Sleep and breathing in infants and young children (Record no. 24430)
[ view plain ]
| 000 -LEADER | |
|---|---|
| fixed length control field | 02253nam a2200349 a 4500 |
| 082 04 - DEWEY DECIMAL CLASSIFICATION NUMBER | |
| Classification number | 618.92/8498 |
| 100 1# - MAIN ENTRY--AUTHOR NAME | |
| Personal name | Kel�manson, I. A. |
| 245 10 - TITLE STATEMENT | |
| Title | Sleep and breathing in infants and young children |
| 260 ## - PUBLICATION, DISTRIBUTION, ETC. (IMPRINT) | |
| Place of publication | New York : |
| Name of publisher | Nova Biomedical Books, |
| Year of publication | c2006. |
| 300 ## - PHYSICAL DESCRIPTION | |
| Number of Pages | xii, 226 p. : |
| Other physical details | ill. |
| 505 0# - FORMATTED CONTENTS NOTE | |
| Formatted contents note | Polysomnography as the objective method of sleep study -- Basic knowledge on sleep neurophysiology -- Sleep ontogeny -- Sleep chronobiology -- The mechanisms responsible for the maintenance of respiration -- Respiratory and other physiological characteristics during sleep -- Arousals -- Major forms of sleep disorders in infants and young children and approaches to their correction -- Apnea of prematurity and infantile apnea -- Obstructive sleep apnea syndrome (OSAS) -- Central hypoventilation -- Apparent life-threatening events (ALTE) -- Sleep disordered breathing and chronic pulmonary diseases -- Approaches to evaluation and management in cases of sleep disordered breathing in infants and young children -- Sudden Infant Death Syndrome : definition and epidemiology -- SIDS and sleep disordered breathing -- Infant behavioral characteristics associated with SIDA and its risk factors -- Model of SIDS and preventive strategies. |
| 650 #0 - SUBJECT ADDED ENTRY--TOPICAL TERM | |
| Topical Term | Infants |
| Topical Term | Children |
| Topical Term | Sleep disorders in children. |
| 856 40 - ELECTRONIC LOCATION AND ACCESS | |
| Uniform Resource Identifier | http://site.ebrary.com/lib/rucke/Doc?id=10693667 |
No items available.
